000 00447nam a22001937a 4500
003 MPLRDC
005 20220104142552.0
008 210129b ||||| |||| 00| 0 eng d
020 _a957-583-402-X
082 _a857.7 JXT v.22
100 _a姬小苔著
245 _a鬼迷茱丽叶
_c
250 _a初版
260 _a
_b晨星出版社
_c1994
300 _b
490 _a小说广场;55
650 _a
942 _cBK
_o857.7 JXT v.22
999 _c31944
_d31934